000 00786naa a22002297u 4500
001 19091
003 HDC
007 cr bn ---aaaaa
008 210228t201109 xx 000 0 eng
040 _aHDC
245 0 _aMalaysia Set for Bigger O&G Ventures in Kazakhstan
260 _a[No place] :
_b[publisher not identified],
_c2011
336 _atext
_2rdacontent
337 _acomputer
_2rdamedia
338 _aonline resource
_2rdacarrier
650 _aGas industry
_zMalaysia
_917669
650 _aPetroleum industry and trade
_zMalaysia
_99405
856 _zRequest full-text at [email protected]
942 _2lcc
942 _cEIJ
942 _kEMAG 000814
999 _c16407
_d16407